| 000 | 00759nam a22002057a 4500 | ||
|---|---|---|---|
| 005 | 20100817113958.0 | ||
| 010 | _aENG-100712 | ||
| 020 |
_a9788128812552 _c75.00 |
||
| 035 | _aEN-84245 | ||
| 037 | _bDBAD/PUB | ||
| 082 | _a181.45 | ||
| 100 |
_aGandhi, M.K. _9893 |
||
| 245 |
_aAnasaktiyoga : _bthe Bhagwadgita with sanskrit text & english commentary / _cby M.K. Gandhi |
||
| 260 |
_aNew Delhi _bDiamond Pocket Books _c2009 |
||
| 270 |
_bNew Delhi _aX-30, Okhla Industrial Area, Phase - II _e110020 |
||
| 300 |
_a200p. _c21cm (pbk) |
||
| 700 | _914243 | ||
| 942 |
_2ddc _cEN _h181.45 _mGAN |
||
| 999 |
_c42261 _d42261 |
||